000 00484nam a2200193Ia 4500
008 180207s9999 xx 000 0 und d
020 _a9781595662620
050 _bB571 2004
100 _aBevan, Clare
245 4 _aThe jolly rascal /
245 _cby Clare Bevan.
260 _aLaguna Hills, California :
260 _bQEB Publishing,
260 _c2004
300 _a24 pages :
300 _bcolor illustration ;
300 _c21cm.
440 _aStart reading together.
999 _c355722
_d355722